000 00612nam a2200181 i 4500
001 103719
003 ES-MaACL
005 20240125194421.0
007 t|
008 051117s1921 sp ||||1| spa d
100 1 _aMerino Alvarez, Abelardo.
_980534
245 1 3 _aLa divina comedia como fuerza propulsora en el camino ascendente de la humanidad /
_cpor el Dr. Abelardo Merino Álvarez.
260 _aBarcelona :
_bRuiz Romero,
_c1921.
300 _a93 p. ;
_c25 cm.
600 0 4 _aDante Alighieri,
_d1265-1321.
_tLa divina commedia
_9175737
852 _aES-MaACL
_jD-541
999 _c103719
_d103719